000 00303nam a22001337a 4500
008 170424b xxu||||| |||| 00| 0 eng d
020 _a9780534201609
041 _aeng
080 _22ND
_a547
100 _a12
101 _aSHM
245 _aORGANIC LABORATORY TECHNIQUES
_cFESSENDEN
942 _2udc
_cBK
999 _c11636
_d11636